Normal view
MARC view
Entry Personal Name
001 - CONTROL NUMBER
- control field: 30148
003 - CONTROL NUMBER IDENTIFIER
- control field: dpl
005 - DATE AND TIME OF LATEST TRANSACTION
- control field: 20110727120459.0
008 - FIXED-LENGTH DATA ELEMENTS
- fixed length control field: 110727|||a|||||| | ||| d
040 ## - CATALOGING SOURCE
- Original cataloging agency: dpl
- Transcribing agency: dpl
100 ## - HEADING--PERSONAL NAME
- Personal name: Raman, B.V.
670 ## - SOURCE DATA FOUND
- Source citation: Work cat.: (dpl)54032: Raman, B.V., Ayurveda :, 2005
670 ## - SOURCE DATA FOUND
- Source citation: Work cat.: (dpl)54032: Raman, B.V., Ayurveda :, 2005
